=LDR 00000nam 2200000 4500 =001 NUTBA000000000001408 =005 20200702124910 =035 ##$$a 0010-041400000000678 =008 200702################g##########0#ind## =020 ##$$a 978-979-1414-17-3 =082 ##$$a 2X5.1 =090 ##$$a 2X5.1-Alq-w =100 1#$$a Alqasim, Abdul Malik =245 1#$$a Wisata Ruhani ke Rumah Nabi /$c Abdul Malik Al-Qasim =260 ##$$a Klaten :$b Wafa Press,$c 2008 =300 ##$$a 128 hlm ; $c 14x20 cm =084 ##$$a 2X5.1 ALQ w =250 ##$$a cet.1 =650 #4$$a Akhlak =990 ##$$a 20900796 =990 ##$$a 20900794 =990 ##$$a 20900795 =990 ##$$a 20900793